| 000 | 00833nam a2200217 a 4500 | ||
|---|---|---|---|
| 001 | 000020074 | ||
| 005 | 20200929170244.0 | ||
| 008 | 100720s2000 dr 000 0 spa d | ||
| 040 |
_aDO-SdBNP _bspa _cBNPHU |
||
| 082 |
_a306.4 _bE77p |
||
| 100 | 1 |
_aEspinal, Cayo Claudio, _d1955- _917906 |
|
| 245 | 1 | 4 |
_aLas políticas culturales en la República Dominicana / _cCayo Claudio Espinal. |
| 260 |
_aSanto Domingo : _bConsejo Presidencial de Cultura, _c2000. |
||
| 300 |
_a47 p. ; _c22 cm. |
||
| 500 | _aIncluye datos biográficos del autor en la contracubierta | ||
| 590 | _aInventariado, 2018/MFF | ||
| 650 | 4 |
_aPolítica cultural _zRepública Dominicana _91984 |
|
| 650 | 4 |
_aPatrimonio cultural _zRepública Dominicana _942642 |
|
| 650 | 4 |
_aIndustria cultural _zRepública Dominicana _91986 |
|
| 910 | _aValidado. Control de calidad MFF | ||
| 999 |
_c19582 _d19582 |
||